000 00617nmm a2200181Ia 4500
008 251105s9999||||xx |||||||||||||||||und||
020 _a9788416690688
041 _aspa
100 _aAlbom, Mitch
245 0 _aUna música prodigiosa :
_b Una novela inspirada en uno de los mejores guitarristas de la historia
264 _a[Madrid, España] :
_bMaeva Ediciones,
_c[Fecha de publicación no identificada]
300 _a0 páginas
490 _aMitch Albom
650 _aNorth American narrative
700 _a Homedes Beutnagel, Jofre
856 _uhttps://public.digitaliapublishing.com/a/81804
942 _cCF
999 _c61668
_d61668